000 00316nam a22001337a 4500
008 260331b ||||| |||| 00| 0 eng d
020 _a9789951322713
041 _ashqip
080 _a616.895
100 _a25
101 _apsiko
245 _aSkizofrenia dhe përballimi i saj
_cSkender Munishi
942 _2udc
_cBK
999 _c60951
_d60951